000 00505nam a22001697a 4500
999 _c9890
_d9890
003 GBCCL
005 20241126110721.0
008 230818b ||||| |||| 00| 0 eng d
040 _cgbc
082 _a227.7007
_bMAC
100 _aMacArthur, John
_98028
245 _aFruitful life :
_bStudy Notes Colossians 1:24-2:23 /
_cJohn MacArthur
260 _aPanorama:
_bWord of Grace Communication,
_c1983
300 _a126p. ;
650 _aBible
_vNew Testament
_xColossians
_xStudy
_917200
942 _2ddc
_cBK